Competitividad sistémica en América Latina: nuevo enfoque para el análisis y la búsqueda de soluciones a los problemas socioeconómicos de los países de la región /
El documento presenta un análisis de la corrupción, el clientelismo, en la actividad política de América Central, con el fin de poder sacar propuestas que permitan una reforma en los sistemas políticos.
Salvato in:
| Autore principale: | |
|---|---|
| Ente Autore: | |
| Altri autori: | , , , , , , |
| Natura: | testo |
| Lingua: | Spanish |
| Pubblicazione: |
Nicaragua :
Fundación Friedrich Ebert
2004
|
| Soggetti: | |
| Tags: |
Aggiungi Tag
Nessun Tag, puoi essere il primo ad aggiungerne!!
|
MARC
| LEADER | 00000 a a2200000 04500 | ||
|---|---|---|---|
| 001 | 38012 | ||
| 003 | cru CIDCACS/IIS | ||
| 005 | 20230529092353.0 | ||
| 008 | 230529e2004 ni ||||| |||| 00| 0 spa d | ||
| 020 | |a 99924-0-364-0 | ||
| 022 | |a 99924-0-364-0 | ||
| 040 | |c CRAI/IIS | ||
| 090 | |a 03.02-01 L864c | ||
| 100 | |a López Carrión, Nehemías Obed | ||
| 110 | |a Fundación para el Desarrollo | ||
| 245 | |a Competitividad sistémica en América Latina: nuevo enfoque para el análisis y la búsqueda de soluciones a los problemas socioeconómicos de los países de la región / |c Nehemías Obed López Carrión | ||
| 260 | |a Nicaragua : |b Fundación Friedrich Ebert |c 2004 | ||
| 300 | |a 479 páginas | ||
| 520 | |a El documento presenta un análisis de la corrupción, el clientelismo, en la actividad política de América Central, con el fin de poder sacar propuestas que permitan una reforma en los sistemas políticos. | ||
| 650 | 0 | |9 3691 |a POLITICA | |
| 650 | 0 | |9 284 |a POBREZA | |
| 650 | 0 | |9 2121 |a BIENESTAR SOCIAL | |
| 650 | 0 | |9 4355 |a ASPECTOS ECONOMICOS | |
| 651 | 0 | |9 128 |a AMERICA CENTRAL | |
| 700 | |a Fuentes, Juan Alberto | ||
| 700 | |a Osterlof Obregón, Doris | ||
| 700 | |a Aráuz L., Alejandro | ||
| 700 | |a Delgado Elvir, Rafael | ||
| 700 | |a Rodezmo, Rómulo | ||
| 700 | |a Saied, David | ||
| 700 | |a Escribí, Horacio | ||
| 700 | |a | ||
| 942 | |2 ddc |c LI |h 03.02-01 L864c |i 05734 |6 030201_L864C_05734 | ||
| 999 | |c 6381 |d 6381 | ||



